Score 0/20 Timer 03:00
1 Play Today
Phrase US State % Correct
Sweet Home _____Alabama
97.6%
_____ Fried ChickenKentucky
96.9%
'I've a feeling we're not in _____ anymore'Kansas
90.6%
Hotel _____California
90.5%
_____ Five-OHawaii
84.5%
_____ JonesIndiana
83.6%
_____ PurchaseLouisiana
80.6%
Booker T. _____Washington
79.1%
Don't Mess with _____Texas
73.4%
The _____ TrailOregon
72.7%
Phrase US State % Correct
Joe _____Montana
72.1%
Baked _____Alaska
68.3%
_____ AvenuePennsylvania
66.9%
_____ WoolfVirginia
66.6%
_____ WilliamsTennessee
61.6%
_____ BurningMississippi
40.7%
My Own Private _____Idaho
29.1%
_____ FatsMinnesota
28%
Chevrolet _____Colorado
24.8%
The Only Living Boy in _____New York
18.7%

Today's Daily Dose

Remove Ads.
Support Sporcle.
Get the best of Sporcle when you Go Orange. This ad-free experience offers more features, more stats, and more fun while also helping to support Sporcle. Thank you for becoming a member.

You're not logged in!

Compare scores with friends on all Sporcle quizzes.
OR
Log In

Show Comments

Extras

Top Quizzes Today


Score Distribution

Your Account Isn't Verified!

In order to create a playlist on Sporcle, you need to verify the email address you used during registration. Go to your Sporcle Settings to finish the process.

Report this User

Report this user for behavior that violates our Community Guidelines.

Details: